|
|
|
|
| LEADER |
00000nab a2200000 a 4500 |
| 001 |
vtls010112412 |
| 003 |
SK-MaSNL |
| 005 |
20260304155757.0 |
| 008 |
250507c2010 xo ||||||||||||00 b|slo |
| 015 |
|
|
|a SNBRB2010/07
|2 snkbucl
|
| 035 |
|
|
|a (uuid)87e129e0-ad32-4323-b260-0e5a399805e1
|
| 035 |
|
|
|a urn:nbn:sk:snk-ab16eo
|
| 035 |
|
|
|a (urnnbn)urn:nbn:sk:snk:ar-a05fwt
|
| 038 |
|
|
|a SNKBUCL
|
| 040 |
|
|
|a SNKBUCL
|b slo
|c SNKBUCL
|e AACR2
|
| 041 |
0 |
|
|a slo
|
| 044 |
|
|
|a xo
|c SK
|
| 080 |
|
|
|a 004.383.5:366.624.4
|2 2001
|
| 080 |
|
|
|a 004.31
|2 2001
|
| 080 |
|
|
|a 366.624.4
|2 2001
|
| 100 |
1 |
|
|a Hucík, Peter
|4 aut
|9 1180611
|
| 245 |
1 |
0 |
|a Supervýkonné grafiky
|c Peter Hucík
|
| 300 |
|
|
|b Fotogr., tab.
|
| 650 |
0 |
7 |
|a grafické karty
|2 snkbucl
|9 589043
|
| 650 |
0 |
7 |
|a porovnávacie testy
|2 snkbucl
|9 870299
|
| 773 |
0 |
|
|t PC revue
|g Roč. XVIII, č. 3 (2010), s. 76-77
|x 1335-0226
|
| 850 |
|
|
|a Slovenská národná knižnica
|
| 852 |
|
|
|a Slovenská národná knižnica
|
| 954 |
|
|
|a odborná, vedecká literatúra pôvodná (slovenská)
|2 lita
|
| 958 |
|
|
|a article27
|
| 958 |
|
|
|a OND
|
| 958 |
|
|
|a EUIPO
|
| 999 |
|
|
|c 2964239
|d 2966169
|